Kapesní atlas obchodníka: Finsko

Hlavné informácie o Fínsku. Názov štátu, štátne zriadenie, počet obyvateľov, jazyk, náboženstvo, mena. Ekonomické ukazovatele. Členstvo v medzinárodných organizáciách. Zahraničný obchod. Zahraničný obchod s ČR. Obchodné príležitosti. Praktické rady. Dôležité adresy.

Enregistré dans:
Détails bibliographiques
Auteur principal: Vaic, J.
Format: Chapitre de livre
Langue:tchèque
Sujets:
Tags: Ajouter un tag
Pas de tags, Soyez le premier à ajouter un tag!

MARC

LEADER 00000naa a2200000 4500
001 r023429
005 20230908093047.3
041 0 |a cze 
044 |a CZ 
245 1 0 |a Kapesní atlas obchodníka: Finsko  |c J. Vaic 
520 |a Hlavné informácie o Fínsku. Názov štátu, štátne zriadenie, počet obyvateľov, jazyk, náboženstvo, mena. Ekonomické ukazovatele. Členstvo v medzinárodných organizáciách. Zahraničný obchod. Zahraničný obchod s ČR. Obchodné príležitosti. Praktické rady. Dôležité adresy. 
610 2 0 |a Fínsko 
610 2 0 |a obchod zahraničný 
610 2 0 |a ukazovatele ekonomické 
610 2 0 |a styk zahraničnoobchodný 
610 2 0 |a Česko 
100 1 |a Vaic, J.